000 00591cam a2200229 4500
001 4550859
005 20180306033404.0
008 721122s1972 caua b 001 0 eng
010 _a 72004432
020 _a0670581984
_a0716707977 (pbk.)
040 _aDLC
_cDLC
_dDLC
041 _aeng
080 _a153 rob
082 0 0 _a153 rob
100 1 _a50
101 _apsi
245 1 4 _aThe psychology of consciousness
_c[by] Robert E. Ornstein.
350 _a$3.50
504 _aIncludes bibliographies.
906 _a7
_bcbc
_corignew
_d2
_eocip
_f19
_gy-gencatlg
942 _2ddc
_cBK
999 _c44126
_d44126